000 02416cam a22002174a 4500
005 20250605164111.0
008 250528s ||||||||||||||||||||||||d
035 _a17900
020 _a9603590142
040 _aGR-AtMCL
_bgre
_dGR-AtMCL
_eAACR2
245 1 _aΕπιχειρησιακή Στρατηγική και Πολιτική / Β' 'Εκδοση
250 _a
260 _bΕυγ. Μπένου,
_c1996
300 _a248
505 0 _aΕισαγωγικές Σκέψεις, Περιεχόμενο και Διαδικασία Στρατηγικού Μάνατζμεντ, Αποστολή της Επιχειρήσεως και Στρατηγικοί Στόχοι, Το Οικονομικό Περιβάλλον και η θέση της Επιχειρήσεως (Ανάλυση με Δείκτες), Διαμόρφωση Πλαίσιων Στρατηγικής, Ανάλυση του Εξωτερικού Περιβάλλοντος (σε Σχέση με το Εξωτερικό Περιβάλλον), Ανάλυση του Εσωτερικού Περιβάλλοντος της Επιχειρήσεως, Ενδεικτικές Στρατηγικές Προσεγγίσεις και Επιλογές, Επιλογή Στόχων και Ολοκλήρωση του Στρατηγικού Σχεδιασμού, Επιλεγμένη Βιβλιογραφία.
520 _aΕισαγωγικές Σκέψεις, Περιεχόμενο και Διαδικασία Στρατηγικού Μάνατζμεντ, Αποστολή της Επιχειρήσεως και Στρατηγικοί Στόχοι, Το Οικονομικό Περιβάλλον και η θέση της Επιχειρήσεως (Ανάλυση με Δείκτες), Διαμόρφωση Πλαίσιων Στρατηγικής, Ανάλυση του Εξωτερικού Περιβάλλοντος (σε Σχέση με το Εξωτερικό Περιβάλλον), Ανάλυση του Εσωτερικού Περιβάλλοντος της Επιχειρήσεως, Ενδεικτικές Στρατηγικές Προσεγγίσεις και Επιλογές, Επιλογή Στόχων και Ολοκλήρωση του Στρατηγικού Σχεδιασμού, Επιλεγμένη Βιβλιογραφία.
700 1 _aΣαρσέντης Νίκος Β
_9943
942 _cBK
999 _c3299
_d3299